000 00836nam a22002537a 4500
003 PE SENCICO BE
005 20260224165255.0
008 230111b |||||||| |||| 00| 0 eng d
020 _a978-612-4221-16-3
040 _aPE SENCICO BE
_cPE SENCICO BE
041 _aspa
082 _a721.46
_bM26
100 1 _9446
_aMartínez Cendra, Francisco
245 1 _aDe cúpulas geodésicas, fractales, tensegritys y algo más /
_cFrancisco Martínez Cendra
250 _a1a ed.
260 _aLima:
_bUSMP. Fondo editorial,
_c2014
300 _a279 p. :
_bil. col., graf., diagrs.;
_c30 cm.
650 1 4 _92
_aGeodesia
650 2 4 _918
_aDiseño arquitectónico
650 2 4 _9447
_aGeometría en la arquitectura
650 2 0 _aJardinería paisajista
_93
910 _bhfp
_chfp
942 _2ddc
_cLIB
_h721.46
_iM26
999 _c3769
_d3769